| 000 | 00505nam a2200109Ia 4500 | ||
|---|---|---|---|
| 008 | 171212s9999 xx 000 0 und d | ||
| 100 | _aMehrotra, Ateev;Gidengil, Courtney A.;Hilborne, Lee H.;Kranz, Ashley M.;Stratos, Stephanie | ||
| 245 |
_cMehrotra, Ateev;Gidengil, Courtney A.;Hilborne, Lee H.;Kranz, Ashley M.;Stratos, Stephanie _aDeveloping Codes to Capture Post-Operative Care |
||
| 260 |
_bRAND Corporation _c2016 |
||
| 650 | _aHealth Sciences | ||
| 856 | _uhttp://jstor.org/stable/10.7249/j.ctt1d9np2r | ||
| 999 |
_c351945 _d351945 |
||